LEGO Ninjago: Legacy Minifigures - Statistics

General Stats
  • This quiz has been taken 36 times
  • The average score is 19 of 29
Answer Stats
Picture Answer % Correct
Cole
100%
Jay
94%
Kai
94%
Lord Garmadon
88%
Nya
88%
Lloyd
84%
Wu
84%
Zane
84%
Bolobo
78%
Kozu
78%
Clutch Powers
75%
Ronin
75%
Misako
72%
Overlord
72%
Pythor
72%
Gravis
69%
Jacob
69%
Eyezor
66%
Min-Droid
66%
The Mechanic
63%
Kruncha
50%
Ghoultar
44%
Nuckal
41%
Soul Archer
41%
Spitta
41%
Mezmo
38%
Lasha
34%
Rattla
31%
Wyplash
31%
No matching quizzes found
Score Distribution
Percent of People with Each Score
Percentile by Number Answered
Your Score History
You have not taken this quiz